Els recursos esportius al Baix Llobregat : Cornellà de Llobregat, Gavà, Sant Boi de Llobregat i Viladecans / adaptació per a la publicació, Sussi Morell Cornellà de Llobregat, Gavà, Sant Boi de Llobregat i Viladecans / adaptació per a la publicació, Sussi Morell
Descripción Física:
133 p. ; 23'5 cm
Colección:
Temes d'esports ; 5
Otros Autores:
Morell, Sussi
MARC
| LEADER | 00000nam a2200000Ia 4500 | ||
|---|---|---|---|
| 001 | 10217 | ||
| 008 | 160829s1993 xx 000 0 cat d | ||
| 080 | |a P-1-22 | ||
| 245 | |a Els recursos esportius al Baix Llobregat : |b Cornellà de Llobregat, Gavà, Sant Boi de Llobregat i Viladecans / adaptació per a la publicació, Sussi Morell | ||
| 260 | |a Barcelona : |b Diputació de Barcelona. Servei d'Esports, |c 1993 | ||
| 300 | |a 133 p. ; |c 23'5 cm | ||
| 490 | |a Temes d'esports ; 5 | ||
| 650 | |a Instal·lacions esportives |x Baix Llobregat |9 26844 | ||
| 700 | |a Morell, Sussi |9 26845 | ||
| 710 | 1 | |a Barcelona (Catalunya : Província). |b Servei d'Esports |9 53772 | |
| 901 | |a Arxiu | ||
| 942 | |n 1 | ||
| 952 | |0 0 |1 0 |4 0 |6 P122 |7 1 |9 44167 |a Arxiu |b Arxiu |d 2016-12-01 |l 0 |o P-1-22 |p 10217 |r 2016-12-01 00:00:00 |w 2016-12-01 |y ARXIU | ||
| 999 | |c 46747 |d 46747 | ||